Guess The DC Character By Alter Ego - Statistics

General Stats
  • This quiz has been taken 52 times
    47 since last reset
  • The average score is 26 of 41
Answer Stats
Hint Answer % Correct
Bruce Wayne Batman
100%
Clark Kent Superman
100%
Damian Wayne Robin
95%
Selina Kyle Catwoman
93%
Harleen Quinzel Harley Quinn
93%
Barry Allen The Flash
93%
Dick Grayson Nightwing
88%
Harvey Dent Two-Face
86%
Diana Prince Wonder Woman
86%
Hal Jordan Green Lantern
84%
Barbara Gordan Batgirl
81%
Jason Todd Red Hood
79%
Oswald Chesterfield Cobblepot The Penguin
79%
Slade Wilson Deathstroke
74%
Edward Nygma The Riddler
74%
Arthur Curry Aquaman
72%
Oliver Queen Green Arrow
72%
Victor Stone Cyborg
70%
Jack Napier Joker
65%
Tim Drake Red Robin
63%
Garfield Mark Logan Beast Boy
60%
Victor Fries Mr.Freeze
58%
Jonathon Crane Scarecrow
58%
Billy Batson Shazam
58%
Rachel Roth Raven
56%
Princess Koriand'r Starfire
56%
Kara Danvers Supergirl
56%
Jaime Reyes Blue Beetle
53%
Floyd Lawton Deadshot
53%
Dinah Laurel Lance Black Canary
49%
Martin Stein and Ronnie Raymond Firestorm
44%
Waylon Jones Killer Croc
44%
Basil Karlo Clayface
40%
Roman Sionis Black Mask
37%
Tatsu Yamashiro Katana
35%
Uxas Darkseid
33%
Thomas Elliot Hush
33%
George "Digger" Harkness Captain Boomerang
28%
David Hyde Black Manta
19%
Christopher Smith Peacemaker
19%
William Cobb The Talon
14%
No matching quizzes found
Score Distribution
Percent of People with Each Score
Percentile by Number Answered
Your Score History
You have not taken this quiz since the last reset